Statistics for U.S. States by State Bird

Click here to take the quiz!

General Stats

  • This quiz has been taken 3 times
  • The average score is 8 of 28

Answer Stats

HintAnswer% Correct
Baltimore OrioleMaryland
67%
American RobinMichigan/Connecticut/Wisconsin
67%
Yellow Hammer/Northern FlickerAlabama
33%
Willow PtarmiganAlaska
33%
Cactus WrenArizona
33%
_______ QuailCalifornia
33%
Lark BuntingColorado
33%
______ Blue Hen
(Chicken)
Delaware
33%
Brown ThrasherGeorgia
33%
Nene/Hawaiian GooseHawaii
33%
Northern CardinalIllinois/Indiana/Ohio/Kentucky/West Virginia/
North Carolina/Virginia
33%
Brown PelicanLouisiana
33%
ChickadeeMassachusetts/Maine
33%
Common LoonMinnesota
33%
Eastern BluebirdMissouri/New York
33%
Mountain BluebirdNevada/Idaho
33%
Purple FinchNew Hampshire
33%
Greater RoadrunnerNew Mexico
33%
Western MeadowlarkOregon/Montana/North Dakota/Wyoming/
Nebraska/Kansas
33%
Northern MockingbirdTexas/Florida/Mississippi/Arkansas/Tennessee
33%
American GoldfinchWashington/New Jersey/Iowa
33%
Scissor-Tailed
Flycatcher
Oklahoma
0%
Ruffed GrousePennsylvania
0%
______ Red
(Chicken)
Rhode Island
0%
________ WrenSouth Carolina
0%
Ring-Necked PheasantSouth Dakota
0%
California GullUtah
0%
Hermit ThrushVermont
0%

Score Distribution

Percentile by Number Answered

Percent of People with Each Score

Your Score History

You have not taken this quiz